| 000 | 00535nam a22001577a 4500 | ||
|---|---|---|---|
| 999 |
_c535745 _d535745 |
||
| 020 | _qHard Cover. | ||
| 082 | _a621.3 | ||
| 100 | _aHussain, Hammad | ||
| 245 |
_aAdaptive Filter Based Channel Estimation for Underwater Acoustic Communication. _cHammad Hussain. |
||
| 260 |
_aIslamabad : _bPNEC - NUST, _c2018. |
||
| 300 |
_a59 p. : ill. ; _c30cm. |
||
| 942 |
_2ddc _cTHE |
||
| 650 |
_aElectrical Engineering MS-Thesis. _916073 |
||
| 700 |
_aDr. Syed Sajjad Haider Zaidi. _929607 |
||